| 000 | 00940nam a22002897i 4500 | ||
|---|---|---|---|
| 999 |
_c172372 _d172372 |
||
| 003 | PPAK | ||
| 005 | 20190421123246.0 | ||
| 008 | 190421s2004 my a|||| |||| 00| f may d | ||
| 020 |
_a9789831241424 _qpaperback |
||
| 040 |
_aPPAK _beng _cPPAK _erda |
||
| 082 | 0 | 4 |
_223 _a899.2333 |
| 090 | 0 | 0 |
_a899.2333 _bNAJ _dG |
| 100 | 0 |
_aNajwa Mohd. Ghazali, _eauthor. |
|
| 245 | 1 | 0 |
_aMr. Cinderella 2 / _cAdaptasi Novel NAJWA MOHD GHAZALI ; Editor Wan Rohana Wan Abdul Manaf |
| 246 | 3 | 3 | _aMr. Cinderella dua |
| 264 | 1 |
_aSelangor : _bAlaf 21 dengan kerjasama Kuasatek Pictures, _c2004 |
|
| 300 |
_a262 pages : _bphotographs ; _c18 cm |
||
| 336 |
_2rdacontent _atext |
||
| 337 |
_2rdamedia _aunmediated |
||
| 338 |
_2rdacarrier _avolume |
||
| 500 | _a"Novel layar." "Karya asal Mohd. Noor Kadir." | ||
| 650 | 1 | 0 | _aMalay fiction |
| 650 | 2 | 0 | _aLove stories |
| 655 | 7 | _aFiction | |
| 700 | 0 |
_aWan Rohana Wan Abdul Manaf, _eeditor. |
|
| 942 |
_2ddc _cB |
||